| 000 | 00483nam a2200169Ia 4500 | ||
|---|---|---|---|
| 008 | 131103s9999 xx 000 0 und d | ||
| 040 | _aLoreto College | ||
| 041 | _aEnglish | ||
| 082 |
_aTAG/891.442/TAG-SEN _bLCLIB/BnSem/16913 |
||
| 100 | _aSen, Ashoke | ||
| 245 |
_aRabindra natya-parikrama _cAshoke Sen |
||
| 260 |
_aCalcutta _bA. Mukherjee _c1957 |
||
| 300 |
_a298p _c 22cm |
||
| 650 | _aTagore, Rabindranath | ||
| 651 | _aBengali Drama - History and Criticism | ||
| 942 | _cBK | ||
| 999 |
_c19938 _d70417 |
||